000 01053nam a2200265Ia 4500
999 _c40654
_d40654
001 7282
003 GE_BSU
005 20191223124532.0
008 181216s2013||||enk|||||||||||||| ||e ||
020 _a9789941434266
040 _cGE_BSU
041 _aeng
080 _a028 + 821. 111 K-20
100 _aKatamadze, N. (Natia)
_95911
245 _aReading fiction, B1.B2 :
_bfor the third and fourth year students /
_cNatia Katamadze, Lali Tavadze ; Ed. Madona Megrelishvili.
264 _aBatumi :
_b Shota Rustaveli State Univ.,
_c2013.
300 _a220 p;
_b20 cm.
500 _a ბიბლიოგრ.: გვ. 29.
653 _aინგლისური ენის სახელმძღვანელოები უმაღლესი სწავლებისათვის
653 _a ინგლისური ენა
700 _aTavadze, L.
_eავტორი
_95912
700 _a Megrelischvili, Madona
_eრედაქტორი
_95913
710 _aShota Rustaveli State Univ
_95237
942 _cBK
_2udc